000 01645nam a22004337a 4500
001 000096337
003 CHAP
005 20220329143151.0
008 060926d2006 mx r 00110 spa d
010 _a92803
011 _a93775
035 _a104356
040 _cCHAP
090 _aTesis
100 1 _aVelasco Castro, Elizabeth.
_9118380
245 1 0 _aEvaluación financiera de una planta de beneficiado de granos y elaboración de alimentos balanceados en salvatierra, Estado de Guanajuato /
_c/por Elizabeth Velasco Castro.
260 _aChapingo, Méx. :
_bEl autor,
_c2006.
300 _a108 h. gráfs.; cuadros.
502 _aTesis (Ing. Agr. Esp. en Economía Agrícola) - - UACH. División de Ciencias Económico-Administrativas
590 _aALEPH
_b10
_c20130110
_lUCH01
_h1514
590 _aBATCH-UPD
_b10
_c20130110
_lUCH01
_h0455
590 _aBATCH-UPD
_b10
_c20130410
_lUCH01
_h0132
590 _aBATCH-UPD
_b10
_c20130914
_lUCH01
_h0231
590 _aBATCH-UPD
_b10
_c20140324
_lUCH01
_h1459
590 _aBATCH-UPD
_b10
_c20141002
_lUCH01
_h0831
590 _aCONVERSION
_b10
_c20130109
_lUCH01
_h1351
590 _aE11695DGD
_b10
_c20130529
_lUCH01
_h1423
650 1 4 _aAlimentos balanceados.
_94301
650 1 4 _aCereales
_xGuanajuato.
_921425
650 1 4 _aFinanzas
_xEvaluación.
_940940
650 1 4 _aValor agregado.
_9117668
856 _3Finding aid
_uhttp://10.13.5.2/tesis/104356.pdf
_zTeclea aquí
901 _aBK
905 _aElisama A. H.
942 _cCD
942 _n0
949 _aTesis
_bBC
_cTES
_d00000000104356
_eTS1
_h45688
_i104356
_sb
949 _aTesis
_bBC
_cTES
_d33724000989588
_eTS2
_fc.2
_h45689
_i104356
_si
999 _c92803
_d92803